Don't listen to the chickens (Record no. 65212)

MARC details
000 -LEADER
fixed length control field 01275cam a2200205 4500
001 - CONTROL NUMBER
control field ABS63010
008 - FIXED-LENGTH DATA ELEMENTS--GENERAL INFORMATION
fixed length control field 000000n2000 000 0 eng u
035 ## - SYSTEM CONTROL NUMBER
System control number (Sirsi) u109242
100 ## - MAIN ENTRY--PERSONAL NAME
Personal name Bingham, T.
245 ## - TITLE STATEMENT
Title Don't listen to the chickens
260 ## - PUBLICATION, DISTRIBUTION, ETC.
Date of publication, distribution, etc. 2000
490 ## - SERIES STATEMENT
Series statement Building
Volume/sequential designation 265(8156) 6 October 2000, 85(1)
520 ## - SUMMARY, ETC.
Summary, etc. Considers the implications for adjudication of the ruling in "Discain Project Services v Opecprime Development Ltd". In this, Judge Bowsher stated that adjudication could only be made to work in practice 'if some of the rules of natural justice that have no demonstrable consequence are disregarded'. Suggests "Discain" does not undermine the adjudication system, and that the reference to natural justice simply means that any judicial tribunal must be 'fair in all circumstances'. Beyond that there are no hard and fast rules. Argues the ruling does not indicate that in future adjudicators will have to meet and discuss disputes with both parties at the same time. It merely stresses the point that the adjudicator must be fair.
590 ## - LOCAL NOTE (RLIN)
Local note ABS
650 ## - SUBJECT ADDED ENTRY--TOPICAL TERM
Topical term or geographic name entry element DISCAIN PROJECT SERVICES LTD V OPECPRIME DEVELOPMENT LTD
650 ## - SUBJECT ADDED ENTRY--TOPICAL TERM
Topical term or geographic name entry element NATURAL JUSTICE
650 ## - SUBJECT ADDED ENTRY--TOPICAL TERM
Topical term or geographic name entry element FAIRNESS
690 ## - LOCAL SUBJECT ADDED ENTRY--TOPICAL TERM (OCLC, RLIN)
Topical term or geographic name as entry element Dispute resolution
9 (RLIN) 6236
942 ## - ADDED ENTRY ELEMENTS (KOHA)
Suppress in OPAC 0
Holdings
Withdrawn status Lost status Source of classification or shelving scheme Damaged status Not for loan Home library Current library Shelving location Date acquired Total Checkouts Full call number Barcode Date last seen Copy number Price effective from Koha item type
    Dewey Decimal Classification     London London Journal article 08/11/2000   ABS63010 109242-1001 06/08/2019 1 06/08/2019 Journal article